Affrontez l'Alphabet #15 - Statistiques

Statistiques générales
  • Ce quiz a été pris 132 fois
  • Le résultat moyen est 6 sur 11
Statistiques - réponses
Hint Réponse % Correct
Donne les 2 lettres manquantes dans le nom de ce Schtroumpf : Schtroumpf _aresseu_
PX
100%
Donne les 2 lettres manquantes dans le nom d'un terme, d'une couleur synonyme de bleu : A_ _r ZU
93%
Donne les 2 lettres manquantes dans le nom de la série d'animation dont voici un extrait du générique : Les _on_es engloutis
MD
72%
Donne les 2 lettres manquantes dans le nom du Premier ministre du Royaume-Uni de 2007 à 2010 : Gordon _ro_n BW
60%
Donne les 2 lettres manquantes dans le nom du tableau de Grant Wood appartenant à la Friends of American Art Collection de l'Art Institute of Chicago : American _othi_
GC
58%
Donne les 2 lettres manquantes dans le nom du neuvième album du groupe de heavy metal Iron Maiden : _ear of the Dar_ FK
52%
Donne les 2 lettres manquantes dans la traduction de Jacynthe en anglais : _ _acinth HY
35%
Donne les 2 lettres manquantes dans le nom du Star Wars de George Lucas, sorti en 2005 : Star Wars, épisode III : La Revanche des _i_h ST
32%
Donne les 2 lettres manquantes dans le nom d'une des sept grandes régions suisses : Tess_ _ IN
30%
Donne les 2 lettres manquantes dans le nom du principal stade de la ville de Vannes : Stade de la _ _bine RA
23%
Dernière Question : Donne la lettre qui est en 1ere et dernière position dans le nom de la boisson alcoolisée anisée grecque fabriquée à base d'alcool neutre mélangé à divers aromates (principalement l'anis) puis distillé et dilué O (OuzO)
17%
Aucun quiz correspondant
Distribution des résultats
% des personnes avec chaque résultat
Percentile par nombre de réponses
Votre historique - résultats
Vous n’avez pas pris ce quiz